Central Library OPAC University of Rajshahi

Synopses of contemporary Japanese literature / (Record no. 23705)

MARC details
000 -LEADER
fixed length control field 00978cam a2200289 4500
001 - CONTROL NUMBER
control field 23705
003 - CONTROL NUMBER IDENTIFIER
rucl marc code BD-RjUL
005 - DATE AND TIME OF LATEST TRANSACTION
control field 20211209000948.0
008 - FIXED-LENGTH DATA ELEMENTS--GENERAL INFORMATION
fixed length control field 140311s1970 ja 001 0 eng d
035 ## - SYSTEM CONTROL NUMBER
System control number (BD-RjUL)23770
040 ## - CATALOGING SOURCE
Original cataloging agency DLC
Transcribing agency DLC
Modifying agency DLC
-- BD-RjUL
Language of cataloging eng
041 1# - LANGUAGE CODE
Language code of text/sound track or separate title engjpn
082 00 - DEWEY DECIMAL CLASSIFICATION NUMBER
Classification number 895.6303
Author mark and year SYN V-2 1970
245 00 - TITLE STATEMENT
Title Synopses of contemporary Japanese literature /
Statement of responsibility, etc. compiled by Kokusai Bunka Shinkokai.
Number of part/section of a work Volume II :
Name of part/section of a work 1936-1955
260 ## - PUBLICATION, DISTRIBUTION, ETC. (IMPRINT)
Place of publication, distribution, etc. Tokyo :
Name of publisher, distributor, etc. Kokusai Bunka Shinkōkai,
Date of publication, distribution, etc. 1970.
300 ## - PHYSICAL DESCRIPTION
Pagination xxv,223p. ;
Size 25 cm.
490 0# - SERIES STATEMENT
Series statement Japanese life and culture series
504 ## - BIBLIOGRAPHY, ETC. NOTE
Bibliography, etc Includes Index
505 1# - FORMATTED CONTENTS NOTE
Formatted contents note --2. 1936-1955.
650 #0 - SUBJECT ADDED ENTRY--TOPICAL TERM
Topical term or geographic name as entry element Japanese fiction
General subdivision Stories, plots, etc.
9 (RLIN) 72991
Topical term or geographic name as entry element Japanese literature
Chronological subdivision 20th century
General subdivision History and criticism.
9 (RLIN) 69521
Topical term or geographic name as entry element Novelists, Japanese
General subdivision Biography.
9 (RLIN) 72992
700 1# - ADDED ENTRY--PERSONAL NAME
Personal name Kokusai Bunka Shinkōkai.
942 ## - ADDED ENTRY ELEMENTS (KOHA)
Source of classification or shelving scheme Dewey Decimal Classification
Koha item type Books
Holdings
Lost status Source of classification or shelving scheme Damaged status Not for loan Collection code Permanent Location Current Location Shelving location Date acquired Source of acquisition Total Checkouts Full call number Date last seen Copy number Koha item type
  Dewey Decimal Classification   Added to bundle Non-fiction Central Library, University of Rajshahi Central Library, University of Rajshahi Reading Room 27/04/1979 The Japan Fundation Gift   895.6303 SYN V-2 1970 11/03/2014 C-1 Books